| 000 | 01154naa a2200277 c 4500 | ||
|---|---|---|---|
| 001 | 30377 | ||
| 003 | ES-MaCES | ||
| 005 | 19981124160600.0 | ||
| 008 | 970605n1997 sp ||| | spa d | ||
| 035 | _aCES19980043265v | ||
| 040 |
_aES-MaCES _bspa _cES-MaCES |
||
| 100 | 1 |
_aGarcía Becedas, Gabriel _912782 |
|
| 245 | 1 | 3 |
_aLa externalización de los compromisos por pensiones en la Ley de Ordenación y Supervisión de los Seguros Privados _b(análisis de la disposición transitoria decimocuarta de la Ley 30-1995) _cGabriel García Becedas |
| 610 | 1 | 4 |
_aEspaña _tLey de ordenación y supervisión de los seguros privados _d1995 _93011 |
| 650 | 4 |
_acomentario _928971 |
|
| 650 | 4 |
_alegislación _927153 |
|
| 650 | 4 |
_aEspaña _926964 |
|
| 650 | 4 |
_apago de prestaciones _930465 |
|
| 650 | 4 |
_aconvenio de seguridad social _930151 |
|
| 650 | 4 |
_aconservación de los derechos adquiridos _930148 |
|
| 653 | 1 | 0 | _aSeguridad Social |
| 773 | 0 |
_tRelaciones laborales _gLas Rozas, Madrid. - Año 13, n. 3 (8 feb. 1997); p. 11-18 _w(ES-MaCES)25210 |
|
| 902 | _aART Artículo de revista | ||
| 942 |
_2CES _cAR _h3.0. |
||
| 999 |
_c30377 _d30377 |
||